Marketing politico : come vincere le elezioni e governare /

সংরক্ষণ করুন:
গ্রন্থ-পঞ্জীর বিবরন
প্রধান লেখক: Cacciotto, Marco (লেখক)
বিন্যাস: গ্রন্থ
ভাষা:ইতালিয়
প্রকাশিত: Bologna : Il mulino, 2011
মালা:Universale paperbacks Il mulino ; 597
বিষয়গুলি:
ট্যাগগুলো: ট্যাগ যুক্ত করুন
কোনো ট্যাগ নেই, প্রথমজন হিসাবে ট্যাগ করুন!

MARC

LEADER 00000nam a2200000 i 4500
001 IT\ICCU\LO1\1350498
003 ItRI
005 20241224113628.0
008 110324s2011 it |||||| ||||| |||||c
015 |2 IT  |a 2011-3348 
020 |a 9788815149633 
040 |b ita  |c ARCIGAY RIMINI 
041 7 |a ita  |2 ISO-639-2 
082 |a 324.7  |2 21 
100 1 |a Cacciotto, Marco  |0 IT\ICCU\RAVV\511495  |4 aut 
245 1 0 |a Marketing politico :  |b come vincere le elezioni e governare /  |c Marco Cacciotto. 
260 |a Bologna :  |b Il mulino,  |c 2011 
300 |a 196 p. ;  |c 21 cm. 
650 7 |a Partiti  |x Campagna elettorale 
830 0 |a Universale paperbacks Il mulino ;  |v 597  |0 IT\ICCU\CFI\0000033 
942 |2 ddc  |c BK 
952 |0 0  |1 0  |2 ddc  |4 0  |6 324_721000000000000_CAC_MAR  |7 1  |9 2342  |a RN  |b RN  |d 2024-12-24  |l 0  |o 324.721 CAC MAR  |p 9795  |r 2024-12-24 11:37:22  |w 2024-12-24  |y BK 
981 1 |6 z01  |a i   |b xxxe  
982 1 |6 z01  |a n 
999 |c 2046  |d 2046